LEADER 01479nam 2200349 n 450 001 996389909503316 005 20221107215702.0 035 $a(CKB)1000000000647918 035 $a(EEBO)2248510717 035 $a(UnM)99854085 035 $a(EXLCZ)991000000000647918 100 $a19920710d1563 uy | 101 0 $aeng 135 $aurbn||||a|bb| 200 04$aThe catechisme or Maner to teache children the christian religion. Made by the excellent doctour and pastour in Christes Churche, Ihon Caluin: Wherein the minister demaundeth the question, and the chylde maketh answere$b[electronic resource] 210 $aPrinted at London $cBy Rouland Hall, dwellyng in Gutter Lane, at the sygne of the halfe Egle and the Keye$d1563 215 $a[192] p 300 $aBy John Calvin. 300 $aA translation of: Catéchisme de l'Église de Genève. 300 $aSignatures: A-M. 300 $aReproduction of the original in the British Library. 330 $aeebo-0018 700 $aCalvin$b Jean$f1509-1564.$0154241 712 02$aEglise de Gene?ve. 801 0$bCu-RivES 801 1$bCu-RivES 801 2$bCStRLIN 801 2$bWaOLN 906 $aBOOK 912 $a996389909503316 996 $aThe catechisme or Maner to teache children the christian religion. Made by the excellent doctour and pastour in Christes Churche, Ihon Caluin: Wherein the minister demaundeth the question, and the chylde maketh answere$92414038 997 $aUNISA LEADER 02847oam 2200565 450 001 9910135401203321 005 20230621141048.0 010 $a9788575412299$b(eBook) 010 $a8575412299$b(eBook) 010 $z9788575410967$b(paperback) 010 $z8575410962$b(paperback) 035 $a(CKB)3810000000000205 035 $a(EXLCZ)993810000000000205 100 $a20200426h20062006 uy| 0 101 0 $apor 135 $aur||#---||||| 181 $ctxt$2rdacontent 182 $cc$2rdamedia 183 $acr$2rdacarrier 200 10$aAdolpho Lutz e a entomologia mdica no Brasil (apresentao histrica) =$eAdolpho Lutz medical entomology in Brazil (historical introduction) /$fJaime l. Benchimol, Magali Romero Sa? 210 1$aRio de Janeiro :$cSciELO Books - Editora FIOCRUZ,$d2006 210 4$d2006 215 $a1 online resource (506 pages) $cillustrations; digital file(s) 225 0 $aAdolpho Lutz Obra Completa ;$vv.2, livro 3 300 $aTitle in Portuguese and English. 311 08$aPrint version: 9788575410967 8575410962 320 $aIncludes bibliographical references. 330 $aOrganizada pelo historiador Jaime Benchimol e pela biloga e historiadora da cincia Magali Romero S, uma homenagem ao pesquisador e sua trajetria. Adolpho Lutz foi o precursor das modernas campanhas sanitrias e dos estudos epidemiolgicos envolvendo, sobretudo, o clera, a febre tifide, a peste bubnica e a febre amarela. Os quatro primeiros volumes da obra - que consistir, quando completa, numa coleo de 21 livros acondicionados em cinco caixas - trazem: Primeiros Trabalhos: Alemanha, Sua e Brasil (1878-1885); Hansenase; Dermatologia e Micologia e ainda um suplemento contendo sumrio, glossrio e ndices. Neles, os organizadores recuperaram o arquivo pessoal do cientista e de sua filha, a biloga Bertha Lutz. 517 3 $aAdolpho Lutz medical entomology in Brazil 517 3 $aEntomologia mdica no Brasil (apresentao histrica) 606 $aEntomology$zBrazil$xHistory 606 $aClinical medicine$xHistory 606 $aTropical medicine$xHistory 606 $aScientific expeditions$y19th century 606 $aScientific expeditions$y20th century 615 0$aEntomology$xHistory. 615 0$aClinical medicine$xHistory. 615 0$aTropical medicine$xHistory. 615 0$aScientific expeditions 615 0$aScientific expeditions 676 $a616 700 $aLutz$b Adolpho$f1855-1940$0871123 701 $aLutz$b Adolpho$f1855-1940.$0871123 702 $aBenchimol$b Jaime L. 702 $aS$b Magali Romero 801 0$bUkMaJRU 906 $aBOOK 912 $a9910135401203321 996 $aAdolpho Lutz e a entomologia mdica no Brasil (apresentao histrica)$93386776 997 $aUNINA